000 00883nmm a2200289 a 4500
001 ocm000571072
003 TR-IsHL
005 20201028115822.0
008 130625s2009 tu tur
007 cr cn
020 _a9786055610128
035 _a571072
_b(N$T)
050 0 4 _aBF173
_b.K66 2009
090 0 4 _aBF173
_b.K66 2009
100 1 _aKondu, Cemal
245 1 0 _aBilinçaltı teknikleri ile kolay matematik
_h[electronic resource] /
_cCemal Kondu ; ed. Melis Saka
250 _a1. bs.
260 _aİstanbul :
_bAkis Kitap,
_c2009
300 _a184 p.
650 4 _aGenel Çalışmalar
650 4 _aGeneral Works
650 0 _aBilinçaltı
650 0 _aSubconscious
650 7 _aMATHEMATICS / History & Philosophy
_2bisacsh
700 1 _aSaka, Melis
856 4 0 _uhttp://search.ebscohost.com/login.aspx?direct=true&scope=site&db=e011xww&AN=571072
999 _c455
_d455